00364nam a2200145Ia 4500008004100000020001800041041000800059082001600067100002100083245002400104250000600128260006200134300001300196650000900209210716s2010 xx 000 0 und d a9788184047370 aeng a004.35 BREC aBreshears, Clay. aArt of concurrency. a1 aMumbaibShroff Publishers and Distributors Pvt Ltdc2010 axiii,285 aNone